Ah tesslimiyet = (Record no. 3012)
[ view plain ]
| 000 -LEADER | |
|---|---|
| fixed length control field | 01291nac a22003131u 4500 |
| 010 ## - LIBRARY OF CONGRESS CONTROL NUMBER | |
| LC control number | 77004644 |
| 020 ## - INTERNATIONAL STANDARD BOOK NUMBER | |
| International Standard Book Number | 0060905921 : |
| 082 00 - DEWEY DECIMAL CLASSIFICATION NUMBER | |
| Classification number | 297.12405 |
| Item number | F9137 |
| 090 ## - LOCALLY ASSIGNED LC-TYPE CALL NUMBER (OCLC); LOCAL CALL NUMBER (OCLC) | |
| -- | 3012 |
| -- | 3012 |
| 100 ## - MAIN ENTRY--PERSONAL NAME | |
| Personal name | Friedlander ,Shems. |
| 245 00 - TITLE STATEMENT | |
| Title | Ah tesslimiyet = |
| Remainder of title | Submission : sayings of the prophet Muhammad / |
| Statement of responsibility, etc | hadith selections, design, photographs by Shems Friedlander ; hadith notations by Al-Hajj Shaikh Muzaffereddin. |
| 250 ## - EDITION STATEMENT | |
| Edition statement | 1st ed. |
| 260 ## - PUBLICATION, DISTRIBUTION, ETC. (IMPRINT) | |
| Place of publication, distribution, etc | New York : |
| Name of publisher, distributor, etc | Harper & Row, |
| Date of publication, distribution, etc | 1977. |
| 300 ## - PHYSICAL DESCRIPTION | |
| Extent | 143 p. : |
| Other physical details | ill. ; |
| Dimensions | 24 cm. |
| 490 0# - Series Statement | |
| Series statement | Harper colophon books |
| 500 ## - GENERAL NOTE | |
| General note | Title in Ottoman Turkish at head of title. |
| 500 ## - GENERAL NOTE | |
| General note | "Title calligraphy, ninety nine names of Allah by Hattat Hamid al-Amidi, Arabic text written by Dr. Tevfik Topuzoglu." |
| 500 ## - GENERAL NOTE | |
| General note | Arabic text and English translation. |
| 500 ## - GENERAL NOTE | |
| General note | Donations. |
| 500 ## - GENERAL NOTE | |
| General note | Donations - Dr. Mostafa Gouda. |
| 650 #0 - SUBJECT ADDED ENTRY--TOPICAL TERM | |
| Topical term or geographic name as entry element | Hadith |
| General subdivision | Texts. |
| 650 #0 - SUBJECT ADDED ENTRY--TOPICAL TERM | |
| Topical term or geographic name as entry element | Religious life |
| General subdivision | Islam. |
| 650 #0 - SUBJECT ADDED ENTRY--TOPICAL TERM | |
| Topical term or geographic name as entry element | Islam |
| General subdivision | Doctrines. |
| 700 1# - ADDED ENTRY--PERSONAL NAME | |
| Personal name | Friedlander, Shems. |
| 700 1# - ADDED ENTRY--PERSONAL NAME | |
| Personal name | Ozak, Muzaffer, |
| Dates associated with a name | 1916- |
| 740 0# - ADDED ENTRY--UNCONTROLLED RELATED/ANALYTICAL TITLE | |
| Uncontrolled related/analytical title | Submission. |
| 942 ## - ADDED ENTRY ELEMENTS (KOHA) | |
| Item type | Book - Borrowing |
| Call number prefix | 297.12405F9137 |
| Withdrawn status | Item status | Damaged status | Not for loan | Home library | Current library | Shelving location | Date acquired | Source of acquisition | Total Checkouts | Full call number | Barcode | Date last seen | Date last borrowed | Koha item type |
|---|---|---|---|---|---|---|---|---|---|---|---|---|---|---|
| Central Library | Central Library | Lower Floor | 07/03/2015 | Purchase | 5 | 297.12405 FRI | 000001087 | 15/07/2025 | 06/12/2023 | Book - Borrowing |